[Event "Montreal Mercredi 01"]
[Site "Montreal CAN"]
[Date "2012.01.11"]
[Round "1"]
[White "Levkovsky, Alexandre"]
[Black "Luo, Zhao Yang"]
[Result "1-0"]
[WhiteElo "2303"]
[BlackElo "2055"]
[PlyCount "63"]
[GameId "2160767909572807"]
[EventDate "2012.01.11"]
[EventType "swiss"]
[EventRounds "5"]
[EventCountry "CAN"]
[SourceTitle "EXT 2022"]
[Source "ChessBase"]
[SourceDate "2021.10.06"]
[SourceVersion "1"]
[SourceVersionDate "2021.10.06"]
[SourceQuality "1"]

1. e4 c6 2. d4 d5 3. e5 c5 4. dxc5 Nc6 5. Nf3 Bg4 6. Bb5 e6 7. c3 Qc7 8. b4 Bxf3 9. Qxf3 Qxe5+ 10. Be3 Nge7 11. O-O Nf5 12. Bf4 Qf6 13. Nd2 Be7 14. g4 Nh4 15. Qg3 Ng6 16. Bd6 h5 17. Bxe7 Qxe7 18. f4 hxg4 19. f5 Rh3 20. Qxg4 Rh4 21. Qg3 Rh5 22. Kh1 Qh4 23. Qc7 Nge7 24. fxe6 fxe6 25. Rae1 e5 26. Nf3 Qh3 27. Rxe5 Qxf1+ 28. Bxf1 Nxe5 29. Nxe5 Rc8 30. Qd7+ Kf8 31. Qe6 Rf5 32. Ng6+ 1-0

[Event "Montreal Mercredi 01"]
[Site "Montreal CAN"]
[Date "2012.01.11"]
[Round "1"]
[White "Ramaswamy, Kiran"]
[Black "Lacroix, Serge"]
[Result "1-0"]
[WhiteElo "1947"]
[BlackElo "1899"]
[PlyCount "125"]
[GameId "2160767909572808"]
[EventDate "2012.01.11"]
[EventType "swiss"]
[EventRounds "5"]
[EventCountry "CAN"]
[SourceTitle "EXT 2022"]
[Source "ChessBase"]
[SourceDate "2021.10.06"]
[SourceVersion "1"]
[SourceVersionDate "2021.10.06"]
[SourceQuality "1"]

1. c4 e5 2. g3 Nf6 3. Bg2 Nc6 4. Nc3 Bb4 5. Nd5 Bc5 6. d3 h6 7. e4 Nxd5 8. cxd5 Bb4+ 9. Bd2 Bxd2+ 10. Qxd2 Nd4 11. Ne2 Nxe2 12. Qxe2 c5 13. O-O d6 14. f4 Qe7 15. Rab1 O-O 16. b4 b6 17. bxc5 bxc5 18. Rb3 exf4 19. gxf4 Qh4 20. Qf2 Qxf2+ 21. Rxf2 Ba6 22. Ra3 Bb5 23. Rb2 a6 24. Bf1 f5 25. e5 Rad8 26. e6 Rf6 27. Ra5 Rg6+ 28. Kf2 Rg4 29. Ke3 g5 30. a4 gxf4+ 31. Kf3 Rg1 32. Be2 Be8 33. Kxf4 Ra1 34. Rxa6 Rxa4+ 35. Rxa4 Bxa4 36. Kxf5 Rf8+ 37. Kg6 Be8+ 38. Kxh6 Rf5 39. e7 Rxd5 40. Rb8 Kf7 41. Bh5+ Kxe7 42. Rxe8+ Kf6 43. Re3 Rd4 44. h3 d5 45. Rf3+ Ke5 46. Bf7 c4 47. dxc4 Rxc4 48. Kg5 Rc8 49. Rf5+ Kd6 50. Bxd5 Rc5 51. h4 Rc1 52. h5 Ke7 53. Rf7+ Ke8 54. Rf4 Rg1+ 55. Rg4 Re1 56. Bc4 Ra1 57. h6 Rh1 58. Kg6 Kf8 59. h7 Rh2 60. Rg5 Rh4 61. Rf5+ Ke7 62. Rh5 Rg4+ 63. Kf5 1-0

[Event "Montreal Mercredi 01"]
[Site "Montreal CAN"]
[Date "2012.01.11"]
[Round "1"]
[White "Sonn, Eric"]
[Black "Lizotte, Michel"]
[Result "0-1"]
[WhiteElo "1554"]
[BlackElo "1536"]
[PlyCount "52"]
[GameId "2160767909572809"]
[EventDate "2012.01.11"]
[EventType "swiss"]
[EventRounds "5"]
[EventCountry "CAN"]
[SourceTitle "EXT 2022"]
[Source "ChessBase"]
[SourceDate "2021.10.06"]
[SourceVersion "1"]
[SourceVersionDate "2021.10.06"]
[SourceQuality "1"]

1. e4 c5 2. Nf3 Nc6 3. d4 cxd4 4. Nxd4 e6 5. Nc3 Nf6 6. Be3 Bb4 7. Bd3 O-O 8. O-O e5 9. Nde2 Ne7 10. Bg5 Ng6 11. Nd5 Be7 12. a4 Nxd5 13. exd5 Bxg5 14. d6 Qb6 15. Be4 f5 16. Bd5+ Kh8 17. Bb3 Rf6 18. Qd5 Qd8 19. Rad1 Rb8 20. Nc3 a6 21. Qc4 b6 22. g4 Bb7 23. gxf5 Nf4 24. f3 Rxf5 25. Rde1 Bh4 26. Re3 Qg5+ 0-1

[Event "Montreal Mercredi 01"]
[Site "Montreal CAN"]
[Date "2012.02.06"]
[Round "1"]
[White "Nardone, Raul"]
[Black "Rondon, Luciano"]
[Result "1/2-1/2"]
[WhiteElo "1831"]
[BlackElo "1848"]
[PlyCount "28"]
[GameId "2160767909572810"]
[EventDate "2012.01.11"]
[EventType "swiss"]
[EventRounds "5"]
[EventCountry "CAN"]
[SourceTitle "EXT 2022"]
[Source "ChessBase"]
[SourceDate "2021.10.06"]
[SourceVersion "1"]
[SourceVersionDate "2021.10.06"]
[SourceQuality "1"]

1. e4 c5 2. Nc3 Nc6 3. f4 g6 4. Nf3 Bg7 5. Bb5 a6 6. Bxc6 bxc6 7. O-O Nf6 8. d3 O-O 9. Qe1 d6 10. Qh4 e6 11. Kh1 Nd7 12. Qg3 Qc7 13. f5 Ne5 14. fxg6 fxg6 1/2-1/2

[Event "Montreal Mercredi 01"]
[Site "Montreal CAN"]
[Date "2012.01.18"]
[Round "2"]
[White "Bergeron, Jean-Guy"]
[Black "Sonn, Eric"]
[Result "1-0"]
[WhiteElo "1530"]
[BlackElo "1554"]
[PlyCount "95"]
[GameId "2160767909572811"]
[EventDate "2012.01.11"]
[EventType "swiss"]
[EventRounds "5"]
[EventCountry "CAN"]
[SourceTitle "EXT 2022"]
[Source "ChessBase"]
[SourceDate "2021.10.06"]
[SourceVersion "1"]
[SourceVersionDate "2021.10.06"]
[SourceQuality "1"]

1. c4 e5 2. g3 f5 3. d4 e4 4. Bg2 Nf6 5. Bg5 Be7 6. Nh3 d6 7. O-O Nbd7 8. Nf4 Nf8 9. Nc3 Ne6 10. Nxe6 Bxe6 11. d5 Bf7 12. Qa4+ Nd7 13. Be3 O-O 14. f3 exf3 15. exf3 Bf6 16. Qc2 g6 17. Rad1 a6 18. b4 b6 19. Ne2 Qe7 20. Bh6 Rfe8 21. Nd4 a5 22. b5 Nc5 23. Bh3 Bg7 24. Bxg7 Kxg7 25. Bxf5 Qf6 26. Bh3 Re3 27. f4 Rae8 28. f5 Qe5 29. Ne6+ Bxe6 30. dxe6 gxf5 31. Bxf5 Nxe6 32. Bxh7 Nf8 33. Bd3 Re6 34. Qf2 Rf6 35. Qg2 Rxf1+ 36. Bxf1 Qc5 37. Rd5 Qa3 38. Rg5+ Kh6 39. Qd5 Ng6 40. Rh5+ Kg7 41. Qd4+ Re5 42. Rxe5 Nxe5 43. Qf2 Nf3+ 44. Kg2 Qc3 45. Qxf3 Qd2+ 46. Qf2 Qg5 47. Qd4+ Kh6 48. Qh4+ 1-0

[Event "Montreal Mercredi 01"]
[Site "Montreal CAN"]
[Date "2012.01.18"]
[Round "2"]
[White "Cote, Philippe"]
[Black "Baran, Marius"]
[Result "1/2-1/2"]
[WhiteElo "1687"]
[BlackElo "1718"]
[PlyCount "83"]
[GameId "2160767909572812"]
[EventDate "2012.01.11"]
[EventType "swiss"]
[EventRounds "5"]
[EventCountry "CAN"]
[SourceTitle "EXT 2022"]
[Source "ChessBase"]
[SourceDate "2021.10.06"]
[SourceVersion "1"]
[SourceVersionDate "2021.10.06"]
[SourceQuality "1"]

1. e4 c5 2. Nf3 d6 3. d4 cxd4 4. Nxd4 Nf6 5. Nc3 g6 6. f3 Bg7 7. Be3 Nc6 8. Qd2 O-O 9. g4 Nd7 10. O-O-O Nxd4 11. Bxd4 Bxd4 12. Qxd4 Ne5 13. Be2 Be6 14. f4 Nc6 15. Qd2 Qa5 16. f5 Bxa2 17. fxg6 hxg6 18. Qh6 Be6 19. Rd3 Qe5 20. h4 Qg7 21. Qd2 Ne5 22. Rg3 Rac8 23. Nd5 Bxd5 24. exd5 Nc4 25. Bxc4 Rxc4 26. g5 Rfc8 27. c3 b5 28. h5 b4 29. hxg6 bxc3 30. gxf7+ Kxf7 31. g6+ Kg8 32. bxc3 Rxc3+ 33. Rxc3 Rxc3+ 34. Kd1 Rg3 35. Qc2 Rxg6 36. Qc8+ Kf7 37. Rf1+ Rf6 38. Qe6+ Ke8 39. Qc8+ Kf7 40. Qe6+ Kf8 41. Qc8+ Kf7 42. Qe6+ 1/2-1/2

[Event "Montreal Mercredi 01"]
[Site "Montreal CAN"]
[Date "2012.01.18"]
[Round "2"]
[White "Gauthier, Denis"]
[Black "Ramaswamy, Kiran"]
[Result "1/2-1/2"]
[WhiteElo "1962"]
[BlackElo "1947"]
[PlyCount "128"]
[GameId "2160767909572813"]
[EventDate "2012.01.11"]
[EventType "swiss"]
[EventRounds "5"]
[EventCountry "CAN"]
[SourceTitle "EXT 2022"]
[Source "ChessBase"]
[SourceDate "2021.10.06"]
[SourceVersion "1"]
[SourceVersionDate "2021.10.06"]
[SourceQuality "1"]

1. d4 Nf6 2. c4 c5 3. d5 e5 4. Nc3 d6 5. e4 Be7 6. Bd3 O-O 7. h3 Ne8 8. Nf3 g6 9. g4 Bd7 10. Qe2 Na6 11. Bd2 Nb4 12. Bb1 Rb8 13. a3 Na6 14. Bd3 Nac7 15. b4 b6 16. b5 a6 17. a4 a5 18. O-O-O Ng7 19. Rdg1 g5 20. Be3 f6 21. Qd2 h6 22. Ne2 Be8 23. Ng3 Bg6 24. Nf5 Bxf5 25. exf5 Kf7 26. Rg2 Ke8 27. Qe2 Kd7 28. Nd2 Qe8 29. Ne4 Qf7 30. Nc3 Rg8 31. Rgh2 h5 32. Be4 h4 33. Qd2 Rge8 34. Kc2 Rg8 35. Ne2 Nge8 36. Nc1 Ng7 37. Nb3 Rgd8 38. Ra1 Na8 39. Rah1 Ne8 40. Rb1 Rdc8 41. Qd3 Bd8 42. Bd2 Rb7 43. Qe2 Ra7 44. Rb2 Rb8 45. Rb1 Rbb7 46. Bc3 Kc8 47. Qd2 Ng7 48. Qe1 Qe8 49. Nd2 Re7 50. Nf3 Qf7 51. Bd2 Red7 52. Be3 Ne8 53. Qd2 Qg7 54. Rg1 Qg8 55. Rgh1 Rg7 56. Rg2 Rad7 57. Rhg1 Qh8 58. Qc1 Rg8 59. Bd2 Rgg7 60. Bc3 Qh7 61. Nd2 Ra7 62. f3 Qg8 63. Nb3 Rge7 64. Qd2 Qf7 1/2-1/2

[Event "Montreal Mercredi 01"]
[Site "Montreal CAN"]
[Date "2012.01.18"]
[Round "2"]
[White "Lacroix, Serge"]
[Black "Boudreau, Daniel"]
[Result "1-0"]
[WhiteElo "1899"]
[BlackElo "1929"]
[PlyCount "89"]
[GameId "2160767909572814"]
[EventDate "2012.01.11"]
[EventType "swiss"]
[EventRounds "5"]
[EventCountry "CAN"]
[SourceTitle "EXT 2022"]
[Source "ChessBase"]
[SourceDate "2021.10.06"]
[SourceVersion "1"]
[SourceVersionDate "2021.10.06"]
[SourceQuality "1"]

1. d4 Nf6 2. c4 e6 3. Nf3 b6 4. Nc3 Bb4 5. e3 Bb7 6. Bd3 c5 7. O-O O-O 8. Bd2 cxd4 9. exd4 Be7 10. Qe2 d6 11. Rfd1 Nbd7 12. a4 Re8 13. a5 Bf8 14. axb6 axb6 15. Ne4 Qc7 16. b3 g6 17. Nfg5 Bg7 18. Nxf6+ Nxf6 19. Bc3 b5 20. Bb2 bxc4 21. bxc4 Qb6 22. Rdb1 Qc6 23. f3 Nh5 24. g3 h6 25. Ne4 d5 26. Nc5 dxc4 27. Be4 Qd6 28. Nxb7 Bxd4+ 29. Kg2 Qe5 30. Bxd4 Qxd4 31. Rxa8 Rxa8 32. Rd1 Qc3 33. Rd8+ Rxd8 34. Nxd8 Nf6 35. Nc6 Kg7 36. Qc2 Qe1 37. Qxc4 Qd2+ 38. Kh3 g5 39. g4 h5 40. gxh5 Qf4 41. Qd4 g4+ 42. Kg2 Kh6 43. Ne5 gxf3+ 44. Nxf3 Nxh5 45. Qh8# 1-0

[Event "Montreal Mercredi 01"]
[Site "Montreal CAN"]
[Date "2012.01.18"]
[Round "2"]
[White "Le Bas, Nicolas"]
[Black "Chenard, Yanick"]
[Result "1-0"]
[WhiteElo "1596"]
[BlackElo "1561"]
[PlyCount "137"]
[GameId "2160767909572815"]
[EventDate "2012.01.11"]
[EventType "swiss"]
[EventRounds "5"]
[EventCountry "CAN"]
[SourceTitle "EXT 2022"]
[Source "ChessBase"]
[SourceDate "2021.10.06"]
[SourceVersion "1"]
[SourceVersionDate "2021.10.06"]
[SourceQuality "1"]

1. e4 e5 2. Nf3 Nc6 3. Bb5 a6 4. Ba4 Nf6 5. O-O b5 6. Bb3 d6 7. Re1 Na5 8. c3 c5 9. Bc2 Be7 10. a4 Bb7 11. d3 h6 12. Nbd2 O-O 13. Nf1 Qb6 14. Bd2 Nc6 15. Ng3 b4 16. Nf5 Rfe8 17. N3h4 Bc8 18. Bb3 Bxf5 19. Nxf5 Bf8 20. Ne3 a5 21. Nd5 Nxd5 22. Bxd5 Ra7 23. Be3 Ne7 24. Bc4 Ng6 25. Qg4 Kh7 26. Qf5 Qd8 27. Bxf7 Rxf7 28. Qxf7 Be7 29. g3 Rf8 30. Qd5 Bf6 31. cxb4 cxb4 32. Rac1 Ne7 33. Qb5 Qa8 34. Rc7 Rb8 35. Ra7 Rxb5 36. Rxa8 Rb7 37. Rxa5 Nc6 38. b3 Nxa5 39. Rb1 Rb8 40. f4 exf4 41. gxf4 Nc6 42. Kf2 Kg8 43. Ke2 Kf7 44. Bf2 Ke6 45. h4 Bd4 46. Bg3 Na5 47. Kf3 Rc8 48. Be1 Bc3 49. Bf2 Bd2 50. Bd4 Bc3 51. Be3 Bf6 52. Bb6 Nb7 53. h5 Rc2 54. d4 Rc6 55. d5+ Kd7 56. dxc6+ Kxc6 57. Bf2 Bc3 58. Kg4 Nd8 59. Kf5 Kd7 60. Rd1 Nc6 61. Bc5 Ne7+ 62. Kg4 Kc6 63. Bxd6 Ng8 64. e5 Kb7 65. e6 Nf6+ 66. Kf5 Kc6 67. Be5 Bxe5 68. fxe5 Nd5 69. Rxd5 1-0

[Event "Montreal Mercredi 01"]
[Site "Montreal CAN"]
[Date "2012.01.18"]
[Round "2"]
[White "Morin, Louis"]
[Black "Cardin, Guillaume"]
[Result "0-1"]
[WhiteElo "1841"]
[BlackElo "1917"]
[PlyCount "112"]
[GameId "2160767909572816"]
[EventDate "2012.01.11"]
[EventType "swiss"]
[EventRounds "5"]
[EventCountry "CAN"]
[SourceTitle "EXT 2022"]
[Source "ChessBase"]
[SourceDate "2021.10.06"]
[SourceVersion "1"]
[SourceVersionDate "2021.10.06"]
[SourceQuality "1"]

1. e4 c5 2. Nf3 g6 3. d4 cxd4 4. c3 Bg7 5. cxd4 d5 6. exd5 Nf6 7. Bb5+ Bd7 8. Bc4 b5 9. Bb3 Na6 10. O-O O-O 11. Re1 Nc7 12. Nc3 b4 13. d6 exd6 14. Ne4 Nxe4 15. Rxe4 Bf5 16. Bg5 Bf6 17. Bxf6 Qxf6 18. Re3 Rfe8 19. Qd2 Rxe3 20. Qxe3 Re8 21. Qg5 Kg7 22. Qxf6+ Kxf6 23. a3 Re2 24. axb4 Rxb2 25. Bc4 Rxb4 26. Nd2 Rb2 27. Ra2 Rxa2 28. Bxa2 Be6 29. Ne4+ Ke7 30. Nc3 Bxa2 31. Nxa2 Nb5 32. d5 Kf6 33. f4 Kf5 34. g3 Ke4 35. Nb4 a5 36. Nc6 a4 37. Nb4 Nc3 38. Kf2 a3 39. Ke1 a2 40. Nc2 Nxd5 41. Kd2 Nb4 42. Na1 Kd4 43. Nb3+ Kc4 44. Na5+ Kb5 45. Nb3 Ka4 46. Kc3 Ka3 47. Na1 d5 48. g4 d4+ 49. Kc4 d3 50. Kc3 d2 51. Kxd2 Kb2 52. f5 gxf5 53. gxf5 Kxa1 54. Kc1 Nd5 55. h3 Ne3 56. f6 Nd5 0-1

[Event "Montreal Mercredi 01"]
[Site "Montreal CAN"]
[Date "2012.01.18"]
[Round "2"]
[White "Munshi, Shawkat"]
[Black "Lizotte, Michel"]
[Result "1-0"]
[WhiteElo "1521"]
[BlackElo "1536"]
[PlyCount "107"]
[GameId "2160767909572817"]
[EventDate "2012.01.11"]
[EventType "swiss"]
[EventRounds "5"]
[EventCountry "CAN"]
[SourceTitle "EXT 2022"]
[Source "ChessBase"]
[SourceDate "2021.10.06"]
[SourceVersion "1"]
[SourceVersionDate "2021.10.06"]
[SourceQuality "1"]

1. Nf3 c5 2. e3 Nf6 3. b3 e6 4. Bb2 Be7 5. c4 O-O 6. Be2 Nc6 7. O-O d5 8. cxd5 Nxd5 9. Nc3 Bf6 10. Rb1 e5 11. Nxd5 Qxd5 12. d3 b6 13. Nd2 Bb7 14. Ne4 Qe6 15. Bf3 Be7 16. Nc3 Rad8 17. Qe2 f5 18. Rfd1 Bf6 19. g3 Rd7 20. g4 Bh4 21. Rf1 fxg4 22. Be4 Ne7 23. Bxb7 Rxb7 24. Ne4 Nc6 25. Bc3 Rbf7 26. Rb2 Qg6 27. Be1 Be7 28. Kh1 h5 29. Rg1 Qf5 30. Ng3 Qg6 31. Ne4 Rf3 32. Rg2 h4 33. Rg1 Qf5 34. a3 Nd8 35. Nd2 Rh3 36. Qxg4 Qxg4 37. Rxg4 Ne6 38. Kg2 Ng5 39. Rxg5 Rxe3 40. Rxg7+ Kxg7 41. fxe3 Kg6 42. h3 Bg5 43. e4 Kh5 44. Nf3 Bf6 45. b4 cxb4 46. Rxb4 Rg8+ 47. Kh2 Be7 48. Rb5 Bc5 49. Bxh4 a6 50. Rb3 b5 51. Bg3 Bd6 52. Bxe5 Bxe5+ 53. Nxe5 Kh4 54. d4 1-0

[Event "Montreal Mercredi 01"]
[Site "Montreal CAN"]
[Date "2012.01.18"]
[Round "2"]
[White "Nardone, Raul"]
[Black "Dominique, Vladimir"]
[Result "1-0"]
[WhiteElo "1831"]
[BlackElo "1732"]
[PlyCount "47"]
[GameId "2160767909572818"]
[EventDate "2012.01.11"]
[EventType "swiss"]
[EventRounds "5"]
[EventCountry "CAN"]
[SourceTitle "EXT 2022"]
[Source "ChessBase"]
[SourceDate "2021.10.06"]
[SourceVersion "1"]
[SourceVersionDate "2021.10.06"]
[SourceQuality "1"]

1. e4 c5 2. Nc3 Nc6 3. f4 g6 4. Nf3 Bg7 5. Bb5 d6 6. O-O Qb6 7. Nd5 Qd8 8. d3 Bd7 9. Kh1 Nf6 10. Bxc6 bxc6 11. Nxf6+ Bxf6 12. e5 Bg7 13. exd6 exd6 14. Re1+ Kf8 15. Ng5 d5 16. Be3 Bd4 17. Qd2 Kg7 18. Bxd4+ cxd4 19. Qb4 Qf6 20. Re7 Rhb8 21. Qa3 Be8 22. Ne6+ Kg8 23. Rxa7 Rxa7 24. Qf8# 1-0

[Event "Montreal Mercredi 01"]
[Site "Montreal CAN"]
[Date "2012.01.18"]
[Round "2"]
[White "Rondon, Luciano"]
[Black "Gauthier, Luc"]
[Result "1/2-1/2"]
[WhiteElo "1848"]
[BlackElo "1708"]
[PlyCount "104"]
[GameId "2160767909572819"]
[EventDate "2012.01.11"]
[EventType "swiss"]
[EventRounds "5"]
[EventCountry "CAN"]
[SourceTitle "EXT 2022"]
[Source "ChessBase"]
[SourceDate "2021.10.06"]
[SourceVersion "1"]
[SourceVersionDate "2021.10.06"]
[SourceQuality "1"]

1. d4 d5 2. Nf3 Nc6 3. c4 Bg4 4. cxd5 Bxf3 5. dxc6 Bxc6 6. Nc3 e6 7. a3 Nf6 8. e3 Be7 9. Be2 Bxg2 10. Rg1 Be4 11. Nxe4 Nxe4 12. Bf3 Nd6 13. Rxg7 Bh4 14. Rg4 h5 15. Rg2 Qf6 16. e4 e5 17. Be3 O-O-O 18. dxe5 Qxe5 19. Bd4 Qf4 20. Bxh8 Nxe4 21. Qe2 Nxf2 22. Rxf2 Bxf2+ 23. Qxf2 Re8+ 24. Kf1 Qc4+ 25. Be2 Qe4 26. Qf3 Qxf3+ 27. Bxf3 Rxh8 28. Re1 Rh6 29. Re5 Rf6 30. Kg2 h4 31. Rh5 Rf4 32. Rh8+ Kd7 33. Bxb7 Rd4 34. Kf3 Rd2 35. Rxh4 Rxb2 36. Bd5 Rc2 37. a4 Rc3+ 38. Ke4 Ra3 39. Ke5 Ke7 40. Rh7 Rxa4 41. Rxf7+ Ke8 42. Rxc7 Ra1 43. h4 Rg1 44. Rxa7 Re1+ 45. Kd6 Kf8 46. h5 Rg1 47. Rf7+ Ke8 48. Re7+ Kf8 49. h6 Rg6+ 50. Re6 Kf7 51. Kd7 Rxe6 52. Bxe6+ Kg6 1/2-1/2

[Event "Montreal Mercredi 01"]
[Site "Montreal CAN"]
[Date "2012.01.18"]
[Round "2"]
[White "Valle-Romo, Ricardo"]
[Black "Falardeau, Bruno"]
[Result "1-0"]
[WhiteElo "2021"]
[BlackElo "1984"]
[PlyCount "87"]
[GameId "2160767909572820"]
[EventDate "2012.01.11"]
[EventType "swiss"]
[EventRounds "5"]
[EventCountry "CAN"]

1. c4 e6 2. h3 Nf6 3. a3 d5 4. cxd5 exd5 5. d3 Bd6 6. g4 c5 7. Bg2 Bd7 8. g5 Nh5 9. Bxd5 Nc6 10. h4 Qe7 11. Kf1 O-O-O 12. e3 g6 13. Nc3 f6 14. Bf3 fxg5 15. hxg5 Ne5 16. Bxh5 gxh5 17. f4 Bg4 18. Qc2 Rhf8 19. Kg2 Qe6 20. Ne4 Bf3+ 21. Nxf3 Qg4+ 22. Kf1 Qxf3+ 23. Nf2 Nxd3 24. Rh3 Ne1 25. Kxe1 Qg2 26. Qe4 Qg1+ 27. Ke2 Bxf4 28. Qh1 Qxh1 29. Rxh1 Bxg5 30. Rxh5 h6 31. e4 Rxf2+ 32. Kxf2 Rd1 33. Bxg5 Rxa1 34. Rxh6 Rb1 35. Bf6 b5 36. Be5 Kb7 37. Bc3 b4 38. axb4 cxb4 39. Bd4 a5 40. Rb6+ Kc7 41. Ra6 Ra1 42. Bb6+ Kd6 43. Rxa5 Rh1 44. Bd4 1-0

[Event "Montreal Mercredi 01"]
[Site "Montreal CAN"]
[Date "2012.02.02"]
[Round "2"]
[White "Levkovsky, Alexandre"]
[Black "Chiku-Ratte, Olivier-Kenta"]
[Result "1/2-1/2"]
[WhiteElo "2303"]
[BlackElo "2145"]
[PlyCount "116"]
[GameId "2160767909572821"]
[EventDate "2012.01.11"]
[EventType "swiss"]
[EventRounds "5"]
[EventCountry "CAN"]
[SourceTitle "EXT 2022"]
[Source "ChessBase"]
[SourceDate "2021.10.06"]
[SourceVersion "1"]
[SourceVersionDate "2021.10.06"]
[SourceQuality "1"]

1. c4 c5 2. Nc3 Nc6 3. Nf3 Nf6 4. e4 d6 5. d4 cxd4 6. Nxd4 g6 7. Be2 Bg7 8. Be3 O-O 9. O-O Nxd4 10. Bxd4 Bd7 11. f4 Bc6 12. Bf3 Nd7 13. Nd5 Bxd5 14. exd5 Bxd4+ 15. Qxd4 Qb6 16. Rad1 a5 17. Rfe1 Rfe8 18. Re3 Qxd4 19. Rxd4 Nc5 20. Bd1 Rab8 21. Ra3 b5 22. Rxa5 bxc4 23. Rd2 Nd3 24. b3 cxb3 25. axb3 Nc5 26. Ra3 Rb4 27. g3 Reb8 28. Ra7 R4b7 29. Rxb7 Rxb7 30. Re2 Kf8 31. Re3 Rb4 32. Kg2 Rd4 33. Bf3 Rd2+ 34. Kh3 Rb2 35. Bd1 f5 36. Re2 Rxe2 37. Bxe2 Nxb3 38. g4 Nd4 39. Bd3 e6 40. dxe6 Nxe6 41. Kg3 Ng7 42. Bc4 h5 43. gxf5 Nxf5+ 44. Kf3 Kg7 45. Ke4 Kf6 46. Bb3 Ne7 47. Bc2 d5+ 48. Kd4 Nf5+ 49. Kd3 d4 50. Ke4 Ne3 51. Bd3 Ng4 52. Kxd4 Nxh2 53. Ke3 Ng4+ 54. Kf3 Nh6 55. Ba6 Nf5 56. Bc4 h4 57. Bf1 Ng3 58. Bh3 g5 1/2-1/2

[Event "Montreal Mercredi 01"]
[Site "Montreal CAN"]
[Date "2012.01.25"]
[Round "3"]
[White "Baran, Marius"]
[Black "Nardone, Raul"]
[Result "0-1"]
[WhiteElo "1718"]
[BlackElo "1831"]
[PlyCount "74"]
[GameId "2160767909572822"]
[EventDate "2012.01.11"]
[EventType "swiss"]
[EventRounds "5"]
[EventCountry "CAN"]
[SourceTitle "EXT 2022"]
[Source "ChessBase"]
[SourceDate "2021.10.06"]
[SourceVersion "1"]
[SourceVersionDate "2021.10.06"]
[SourceQuality "1"]

1. d4 d5 2. c4 e6 3. Nc3 c6 4. Nf3 f5 5. Bg5 Be7 6. Bxe7 Qxe7 7. e3 Nf6 8. Rc1 O-O 9. Bd3 b6 10. O-O Ne4 11. Ne5 Bb7 12. Qa4 Nd2 13. Rfd1 Nxc4 14. Bxc4 dxc4 15. Qxc4 Kh8 16. Ne2 Ba6 17. Qc2 g5 18. Ng3 Bb7 19. Qc3 Kg8 20. Qc4 Qd6 21. b4 a5 22. b5 cxb5 23. Qc7 Qxc7 24. Rxc7 Bd5 25. Rdc1 Na6 26. Nd7 Nxc7 27. Nxf8 Rxf8 28. Rxc7 Bxa2 29. f3 b4 30. Rb7 a4 31. Rxb6 b3 32. Nf1 Rc8 33. Rb4 a3 34. Nd2 b2 35. Kf1 b1=Q+ 36. Nxb1 Rc1+ 37. Kf2 Bxb1 0-1

[Event "Montreal Mercredi 01"]
[Site "Montreal CAN"]
[Date "2012.01.25"]
[Round "3"]
[White "Boudreau, Daniel"]
[Black "Gauthier, Denis"]
[Result "1-0"]
[WhiteElo "1929"]
[BlackElo "1962"]
[PlyCount "55"]
[GameId "2160767909572823"]
[EventDate "2012.01.11"]
[EventType "swiss"]
[EventRounds "5"]
[EventCountry "CAN"]
[SourceTitle "EXT 2022"]
[Source "ChessBase"]
[SourceDate "2021.10.06"]
[SourceVersion "1"]
[SourceVersionDate "2021.10.06"]
[SourceQuality "1"]

1. e4 c6 2. d4 d5 3. exd5 cxd5 4. c4 Nf6 5. Nc3 e6 6. Bg5 Be7 7. Nf3 Nc6 8. c5 O-O 9. Bb5 Bd7 10. O-O b6 11. Bxc6 Bxc6 12. Ne5 Rc8 13. b4 bxc5 14. bxc5 Qa5 15. Qb3 Rfe8 16. Rab1 h6 17. Bh4 Rc7 18. Rfc1 Qa6 19. Nb5 Rb7 20. a4 Reb8 21. Qd3 Bxb5 22. axb5 Rxb5 23. Ra1 Qb7 24. h3 Nd7 25. c6 Nxe5 26. dxe5 Qc7 27. Bxe7 Rb3 28. Bd6 1-0

[Event "Montreal Mercredi 01"]
[Site "Montreal CAN"]
[Date "2012.01.25"]
[Round "3"]
[White "Cardin, Guillaume"]
[Black "Lacroix, Serge"]
[Result "1-0"]
[WhiteElo "1917"]
[BlackElo "1899"]
[PlyCount "67"]
[GameId "2160767909572824"]
[EventDate "2012.01.11"]
[EventType "swiss"]
[EventRounds "5"]
[EventCountry "CAN"]
[SourceTitle "EXT 2022"]
[Source "ChessBase"]
[SourceDate "2021.10.06"]
[SourceVersion "1"]
[SourceVersionDate "2021.10.06"]
[SourceQuality "1"]

1. e4 Nf6 2. e5 Nd5 3. d4 d6 4. c4 Nb6 5. exd6 cxd6 6. Nc3 g6 7. Be3 Bg7 8. Rc1 O-O 9. b3 Nc6 10. d5 Ne5 11. Be2 f5 12. f4 Ng4 13. Bxg4 fxg4 14. Nge2 e5 15. dxe6 Bxe6 16. O-O d5 17. c5 Nc8 18. Nd4 Bxd4 19. Bxd4 Ne7 20. Qe2 Qd7 21. Qe5 Nf5 22. Qh8+ Kf7 23. Qxh7+ Ke8 24. Qxg6+ Qf7 25. Qxf7+ Kxf7 26. Be5 a6 27. Rfd1 Rac8 28. Nxd5 Rfd8 29. Nc7 Ne3 30. Rxd8 Rxd8 31. Nxe6 Kxe6 32. Bd6 Kd5 33. Re1 Nf5 34. Re5+ 1-0

[Event "Montreal Mercredi 01"]
[Site "Montreal CAN"]
[Date "2012.01.25"]
[Round "3"]
[White "Chenard, Yanick"]
[Black "Munshi, Shawkat"]
[Result "0-1"]
[WhiteElo "1561"]
[BlackElo "1521"]
[PlyCount "107"]
[GameId "2160767909572825"]
[EventDate "2012.01.11"]
[EventType "swiss"]
[EventRounds "5"]
[EventCountry "CAN"]
[SourceTitle "EXT 2022"]
[Source "ChessBase"]
[SourceDate "2021.10.06"]
[SourceVersion "1"]
[SourceVersionDate "2021.10.06"]
[SourceQuality "1"]

1. e4 c5 2. Nc3 d6 3. g3 Nf6 4. Bg2 Nc6 5. d3 e6 6. f4 Be7 7. Nge2 a6 8. a4 Qc7 9. O-O O-O 10. f5 Bd7 11. Bg5 Rfe8 12. d4 cxd4 13. Nxd4 Nxd4 14. Qxd4 Bc6 15. Qd3 Rad8 16. b4 Ng4 17. Bxe7 Rxe7 18. b5 axb5 19. axb5 Be8 20. fxe6 fxe6 21. Rf3 Qc5+ 22. Kh1 Nf2+ 23. Rxf2 Qxf2 24. Rf1 Qc5 25. Bh3 Bg6 26. Ne2 d5 27. Bg2 e5 28. Qb3 Qc4 29. Qxc4 dxc4 30. Nc3 Rd2 31. Nd5 Rf7 32. Rxf7 Kxf7 33. Ne3 c3 34. Kg1 Ke6 35. Kf1 Rd4 36. Bh3+ Kd6 37. Bf5 Kc5 38. g4 Kxb5 39. h4 Kc5 40. h5 Bxf5 41. exf5 Kd6 42. Ke2 Ke7 43. Kf3 b5 44. Kg3 b4 45. g5 Rd2 46. Kf3 Rxc2 47. Nd5+ Kf7 48. Nxb4 Rb2 49. Nd3 c2 50. Nxe5+ Kf8 51. Nd3 Rb3 52. Ke2 Rxd3 53. Kxd3 c1=Q 54. Ke4 0-1

[Event "Montreal Mercredi 01"]
[Site "Montreal CAN"]
[Date "2012.01.25"]
[Round "3"]
[White "Cockburn, Denton"]
[Black "Valle-Romo, Ricardo"]
[Result "1-0"]
[WhiteElo "2256"]
[BlackElo "2021"]
[PlyCount "77"]
[GameId "2160767909572826"]
[EventDate "2012.01.11"]
[EventType "swiss"]
[EventRounds "5"]
[EventCountry "CAN"]

1. d4 b5 2. e4 Bb7 3. Bd3 e6 4. Qe2 a6 5. Nf3 c5 6. c3 cxd4 7. cxd4 Nc6 8. Nc3 h6 9. O-O Rc8 10. Rd1 Na5 11. d5 Qb6 12. Bf4 Bb4 13. Be5 Nf6 14. Rac1 Nc4 15. Bd4 Qa5 16. a3 Nxa3 17. Ra1 Qd8 18. Na2 Be7 19. bxa3 Bxa3 20. dxe6 fxe6 21. Ne5 O-O 22. Nc1 b4 23. Nb3 a5 24. Nc4 a4 25. Nc5 Bc6 26. Nxa3 bxa3 27. Rxa3 Qe7 28. Rda1 e5 29. Be3 d5 30. exd5 Nxd5 31. Bc4 Kh8 32. Bxd5 Bxd5 33. Nxa4 Bc4 34. Qg4 Be6 35. Qe4 Bf5 36. Qd5 Qf6 37. Nc5 Rcd8 38. Qf3 Qd6 39. Nb7 1-0